01017nam a2200253 450000500170000000800410001702000150005805000230007310000200009624500680011625000110018426000440019530000230023949000800026250000660034265000580040865000820046665000450054865000450059365000720063870000210071094200130073199900190074420160212132548.0160212b sp ||||| |||| 00| 0 spa d a847827252604aE169 .12bG56 20011 aGiroux, Hery A.10aCultura, política y práctica educativa c/ Henry A. Giroux  a1a ed. aBarcelona, España : bGraó, c2001. a141 p. ; c24 cm.  aBiblioteca de Aula. Serie Teoría y sociología de la educaciónv ; 158 aTitulo original : The Practical Politics of Cultural Studies. 72LEMBaCultura xEstudio y enseñanzazEstados Unidos 72LEMBaMedios de comunicación masiva |xAspectos políticoszEstados Unidos 72LEMBaMulticulturalismo zEstados Unidos 72LEMBaCultura políticazEstados Unidos 72LEMBaInnovaciones tecnologicas xAspectos socialeszEstados Unidos1 aRiu, Hugo, etr. 2lcccLIB c113144d113144